U.S Money Conveyor - Statistics

General Stats
  • This quiz has been taken 10 times
  • The average score is 15 of 20
Answers on the Map
Answers color-coded by a green-red scale on the quiz's map according to % correct below.
 
Answer Stats
Answer % Correct
George Washington
100%
George Washington
100%
George Washington
100%
George Washington
100%
Abraham Lincoln
86%
Abraham Lincoln
86%
Abraham Lincoln
86%
Abraham Lincoln
86%
Thomas Jefferson
86%
Thomas Jefferson
86%
Benjamin Franklin
71%
Benjamin Franklin
71%
Franklin Roosevelt
71%
Franklin Roosevelt
71%
John Kennedy
57%
John Kennedy
57%
Ulysses Grant
57%
Ulysses Grant
57%
Alexander Hamilton
29%
Alexander Hamilton
29%
No matching quizzes found
Score Distribution
Percent of People with Each Score
Percentile by Number Answered
Your Score History
You have not taken this quiz